000 00653cam a22002413a 4500
001 10398
003 PGUSA
005 20140828083224.0
008 031201s2003||||xxu|||||s|||||000 | eng d
040 _aPGUSA
_beng
042 _adc
050 4 _aHQ
100 1 _aMcCracken, Elizabeth,
_d1876-
245 1 4 _aThe American Child
_h[electronic resource] /
_cElizabeth McCracken
260 _bProject Gutenberg,
_c2003
506 _aPublic domain in the USA.
516 _aElectronic text
653 _aParent and child
653 _aChildren
830 0 _aProject Gutenberg
_v10398
856 4 0 _uhttp://www.gutenberg.org/ebooks/10398
942 _cEB
999 _c239653
_d239653